000 00665nam a2200253Ia 4500
001 22494
005 20240114000642.0
007 ta
008 060317s1954 a g b000 u 465 u
040 _aCotton College,Assam
041 _a465
082 _a822.08
_bH 186 T
100 _aHampden, John .
245 0 _aTwenty Four One Act Plays /
_cJohn Hampden.
_hTextual Documents
250 _arev. ed. /
260 _aLondon :
_bJ. M. Dent & Sons Ltd ,
_c1954.
300 _a393p. :
_bill ;
_c17cm .
653 _aEnglish drama-Collections
653 _aG-English
942 _2ddc
_cBK
999 _c22476
_d22476